000
00302nam a2200121Ia 4500
003
GCL
008
140319s9999 xx 000 0 eng d
040
_a
GCL /
_c
GCL
082
0
4
_a
658.5
_b
C M
245
1
0
_a
MAKING A SUCCESS IN MANUFACTURING
260
_a
[S.N] :
_b
MC GRAW - HILL ،
_c
1993
300
_a
245 P
999
_c
20776
_d
20776